000 00436nam a2200181Ia 4500
001 10502
005 20260306161837.0
008 260306t2019||||xx |||||||||||||| ||spa||
041 _aESP
082 _a940
_bH59 T. 1
100 _aHolmes, George
_eAUT
245 0 _aEuropa:
_bjerarquía y revuelta, 1320-1450
260 _c2019
300 _a347 páginas :
_c22 cm.
650 _aGEN
654 _aCHU
942 _cLIB
_dJUS
_fJUS
_2ddc
_n
999 _c10502
_d10502